| 000 | 007200am a2200253 004500 | ||
|---|---|---|---|
| 003 | EG-GiCUC | ||
| 008 | 731023s1961 mau b 000 0 eng | ||
| 040 |
_aDLC _c DLC _d DLC |
||
| 043 | _aa-ii--- | ||
| 050 | 0 | 0 |
_aJQ215 1961 _b.P2 |
| 092 | 0 | 4 |
_a342.54 _bP1754 _221 |
| 099 |
_a04 _a342.54 P1754 |
||
| 100 | 1 | _aPalmer, Norman Dunbar. | |
| 245 | 1 | 4 | _aThe Indian political system. |
| 260 |
_aBoston, _bHoughton, Mifflin _c[1961] |
||
| 300 |
_a277 p. _c22 cm. |
||
| 504 | _aIncludes bibliography. | ||
| 651 | 0 |
_aIndia _xPolitics and government _y1947- |
|
| 902 | _a1 | ||
| 905 |
_aIbrahim _eRev |
||
| 905 |
_aRasha _eCat |
||
| 942 |
_2ddc _cBK |
||
| 999 |
_c107692 _d107692 |
||